International prison reform / (Record no. 173695)
[ view plain ]
| 000 -LEADER | |
|---|---|
| campo de control de longitud fija | 00630nam a2200169 i 4500 |
| 001 - NÚMERO DE CONTROL | |
| campo de control | 173695 |
| 003 - IDENTIFICADOR DE NÚMERO DE CONTROL | |
| campo de control | ES-MaACL |
| 005 - FECHA Y HORA DE LA ÚLTIMA TRANSACCIÓN | |
| campo de control | 20230906215322.0 |
| 008 - DATOS DE LONGITUD FIJA--INFORMACIÓN GENERAL | |
| campo de control de longitud fija | 100111q1876 xxu |||| | eng d |
| 100 1# - ENTRADA PRINCIPAL--NOMBRE DE PERSONA | |
| Nombre de persona | Wines, Enoch Cobb ( |
| Fechas asociadas al nombre | 1806-1879) |
| 9 (RLIN) | 117073 |
| 245 10 - MENCIÓN DEL TÍTULO | |
| Título | International prison reform / |
| Mención de responsabilidad, etc. | E.C. Wines. |
| 260 ## - PUBLICACIÓN, DISTRIBUCIÓN, ETC. | |
| Lugar de publicación, distribución, etc. | [S.l. : |
| Nombre del editor, distribuidor, etc. | s.n., |
| Fecha de publicación, distribución, etc. | 1876?] |
| 300 ## - DESCRIPCIÓN FÍSICA | |
| Extensión | P. [367]-391 ; |
| Dimensiones | 22 cm. |
| 500 ## - NOTA GENERAL | |
| Nota general | Separata de: International review, may-june, 1876. |
| 650 ## - PUNTO DE ACCESO ADICIONAL DE MATERIA--TÉRMINO DE MATERIA | |
| Término de materia o nombre geográfico como elemento de entrada | Derecho penitenciario- |
| Subdivisión geográfica | Europa. |
| 9 (RLIN) | 150595 |
| 852 ## - LOCALIZACIÓN | |
| Ubicación | ES-MaACL |
| Número de control de estantería | D-165(5) |
| Nota libre | - Encuadernado en vol. facticio, en el lomo: Estudios penitenciarios, 5 |
| -- | .- Donativo Lastres |
| Estatus retirado | Estado de pérdida | Estado de daño | No para préstamo | Colección | Biblioteca de origen | Biblioteca actual | Ubicación en estantería | Fecha de adquisición | Fuente de adquisición | Total de préstamos | Signatura topográfica completa | Código de barras | Visto por última vez | Precio de reemplazo | Tipo de ítem Koha |
|---|---|---|---|---|---|---|---|---|---|---|---|---|---|---|---|
| Libros del s. XIX | Biblioteca del Ateneo de Madrid | Biblioteca del Ateneo de Madrid | Sala Valle Inclán | 11/01/2010 | D-165(5) | 901182288 | 23/02/2023 | 23/02/2023 | Libro impreso antiguo |
